French Logo Quiz! #1 - Statistics

General Stats
  • This quiz has been taken 162 times
  • The average score is 16 of 20
Answer Stats
Picture Answer % Correct
Chanel
96%
Louis Vuitton
96%
Citroen
95%
Peugeot
94%
Michelin
91%
Bic
88%
Renault
88%
Dior
87%
Evian
87%
Yves Saint Laurent
87%
Hermes
79%
Garnier
78%
Carrefour
74%
Air France
73%
Cartier
70%
Perrier
70%
Danone
65%
Sephora
61%
Bugatti
50%
Axe
41%
No matching quizzes found
Score Distribution
Percent of People with Each Score
Percentile by Number Answered
Your Score History
You have not taken this quiz